| 000 | 00805nam a2200253Ia 4500 | ||
|---|---|---|---|
| 005 | 20250117103632.0 | ||
| 008 | 008 250103s9999 xx 000 0 eng d | ||
| 020 | _a9780062376589 | ||
| 037 | _aTextual | ||
| 040 |
_aCSL _beng _cCSL |
||
| 041 |
_aeng _2eng |
||
| 084 |
_aL72:3 Q6-;3 _qCSL |
||
| 100 | _aMayer, Emeran | ||
| 245 | 0 |
_aMind-Gut connection _cMayer, Emeran |
|
| 260 |
_aBroadway Harper Wave New York _bHarper Wave New York _c2021 |
||
| 300 | _axiv,316p. ill. | ||
| 650 |
_a how the mind communicates with the gut _9734379 |
||
| 650 |
_a Mind body connection is real _9734380 |
||
| 650 |
_a New understanding of emotions _9734381 |
||
| 650 |
_a sample road toward wellness _9734382 |
||
| 650 | _aZoology | ||
| 942 |
_cTEXL _hL72:3 Q6-;3 |
||
| 999 |
_c1237940 _d1237940 |
||